Dimensions of impact in the social sciences : the case of social policy, sociology and political science research /

Bibliographic Details
Main Author: Haux, Tina (Author)
Format: eBook
Language:English
Published: Bristol, UK : Policy Press : Policy Press, 2019.
Series:Policy Press shorts. Research.
Subjects:
Online Access:Connect to the full text of this electronic book

MARC

Tag First Indicator Second Indicator Subfields
LEADER 00000cam a2200000Ii 4500
001 in00004429821
005 20210422122157.0
006 m o d
007 cr cnu|||unuuu
008 190627s2019 enk ob 001 0 eng d
020 |a 9781447327943  |q (electronic bk.) 
020 |a 1447327942  |q (electronic bk.) 
020 |z 9781447324089 
020 |a 9781447327950  |q (e-book) 
020 |a 1447327950 
020 |a 9781447327967  |q (e-book) 
020 |a 1447327969 
035 |a 6454432 
037 |a 22573/ctvk2rdcn  |b JSTOR 
040 |a NhCcYBP  |c NhCcYBP  |d UtOrBLW 
050 4 |a H62  |b .H38 2019 
082 0 4 |a 300.72  |2 23 
100 1 |a Haux, Tina,  |e author.  |0 http://id.loc.gov/authorities/names/nb2012020615 
245 1 0 |a Dimensions of impact in the social sciences :  |b the case of social policy, sociology and political science research /  |c Tina Haux. 
264 1 |a Bristol, UK :  |b Policy Press :  |b Policy Press,  |c 2019. 
300 |a 1 online resource. 
336 |a text  |b txt  |2 rdacontent 
337 |a computer  |b c  |2 rdamedia 
338 |a online resource  |b cr  |2 rdacarrier 
490 1 |a Policy Press shorts. Research 
504 |a Includes bibliographical references and index. 
588 0 |a Online resource; title from PDF title page (EBSCO, viewed June 28, 2019). 
505 0 |a Front cover; Title Page; Copyright Page; Table of Contents; Lists of tables and boxes; Acknowledgements; One. Introduction; Two. Dimension 1: The role of academic research in policymaking; Three. Researching impact; Four. Dimension 2: The nature of the underlying research and characteristics of the researchers; Five. Dimension 3: The nature and reach of impact; Six. Dimension 4: Taking the long view: looking back over 40 years of Social Policy; Seven. Summary and conclusions; Appendix; References; Index; Back cover 
500 |a Electronic resource. 
650 0 |a Social sciences  |x Research.  |0 http://id.loc.gov/authorities/subjects/sh85124014 
650 0 |a Social policy.  |0 http://id.loc.gov/authorities/subjects/sh85123985 
655 7 |a Electronic books.  |2 local 
776 1 8 |i Print version:  |a Haux, Tina.  |t Dimensions of impact in the social sciences : the case of social policy, sociology and political science research.  |d Bristol, UK : Policy Press ; Chicago, IL : The University of Chicago Press, 2019  |h vi, 142 pages  |k Policy Press shorts. Research.  |z 9781447324089 
830 0 |a Policy Press shorts.  |p Research.  |0 http://id.loc.gov/authorities/names/no2016067989 
856 4 0 |u http://proxy.library.tamu.edu/login?url=https://www.jstor.org/stable/10.2307/j.ctvk3gkmb  |z Connect to the full text of this electronic book  |t 0 
955 |a JSTOR DDA record 
999 f f |s 69a53168-6f20-34f1-b38e-f9024afbd154  |i ccc57f8a-8edc-3c33-be2a-f9606702362f  |t 0 
952 f f |a Texas A&M University  |b College Station  |c Electronic Resources  |d Available Online  |t 0  |e H62 .H38 2019  |h Library of Congress classification 
998 f f |a H62 .H38 2019  |t 0  |l Available Online